000 00291nam a22001337a 4500
008 171101b xxu||||| |||| 00| 0 eng d
020 _a2900073381342
041 _aeng
080 _a33
100 _a59
101 _aBUS
245 _aINTERNATIONAL BUSINESS
_cHILL.CH.W
942 _2udc
_cBK
999 _c36954
_d36954